Statistiques concernant Les pays titrés en Grand Chelem depuis l'ère Open (simple dames)

Cliquez ici pour prendre le quiz!

Statistiques générales

  • Ce quiz a été pris 514 fois
    (232 depuis la dernière actualisation)
  • Le résultat moyen est 18 sur 23

Statistiques - réponses

TitresPays% Correct
85États-Unis
99%
5France
98%
7Espagne
96%
8Russie
96%
25Allemagne / RFA
90%
2Italie
90%
24Australie
88%
6Royaume-Uni
88%
4Japon
86%
5Suisse
86%
11Belgique
85%
1Canada
84%
2Chine
84%
2Pologne
83%
10Yougoslavie / Serbie
82%
1Argentine
76%
3Roumanie
69%
2Biélorussie
62%
10Tchécoslovaquie / Tchéquie
62%
1Danemark
60%
1Croatie
54%
1Lettonie
40%
1Kazakhstan
28%

Distribution des résultats

Percentile par nombre de réponses

% des personnes avec chaque résultat

Votre développement - résultats

Vous n’avez pas pris ce quiz depuis la dernière actualisation